Ծրագիր եվ մեթոդական ցուցմունքներ մանկավարժական ինստիտուտների հեռակայողների համար պատմության ֆակուլտետ (Запись № 13364887)

Подробности
000 -МАРКЕР
контрольное поле 01340nam0a2200265 4500
001 - ИДЕНТИФИКАТОР ЗАПИСИ
контрольное поле RU\NLR\BIBL_A\022462580
005 - ИДЕНТИФИКАТОР ВЕРСИИ
контрольное поле 20250810080437.0
035 ## - ДРУГИЕ СИСТЕМНЫЕ НОМЕРА
Идентификатор записи (NLR Aleph) 022462580
100 ## - ДАННЫЕ ОБЩЕЙ ОБРАБОТКИ
Данные общей обработки 20250219a1945 u y0rusy50 ca
101 0# - ЯЗЫК РЕСУРСА
Язык текста, звукозаписи и т.д. армянский
102 ## - СТРАНА ПУБЛИКАЦИИ ИЛИ ПРОИЗВОДСТВА
Страна публикации Армения
105 ## - ПОЛЕ КОДИРОВАННЫХ ДАННЫХ: ТЕКСТОВЫЕ МАТЕРИАЛЫ, МОНОГРАФИЧЕСКИЕ
Кодированные данные о монографическом текстовом документе y z 000yy
200 1# - ЗАГЛАВИЕ И СВЕДЕНИЯ ОБ ОТВЕТСТВЕННОСТИ
Основное заглавие Ծրագիր եվ մեթոդական ցուցմունքներ մանկավարժական ինստիտուտների հեռակայողների համար պատմության ֆակուլտետ
Сведения, относящиеся к заглавию միջին դարերի պատմություն
Первые сведения об ответственности Գ.Միքայելյան
Последующие сведения об ответственности ՀՍՍՌ պետական հեռակա մանկավարժական ինստիտուտ
210 ## - ПУБЛИКАЦИЯ, РАСПРОСТРАНЕНИЕ И ДР.
Место издания, распространения и т.д. Երեվան
Адрес издателя, распространителя и т. д. Հեռակա մանկավարժական ինստիտուտի հրատարակչություն
Дата издания, распространения и т.д. 1945
215 ## - ФИЗИЧЕСКАЯ ХАРАКТЕРИСТИКА
Специфическое обозначение материала и объем 81,[1] с.
Размеры 20
225 1# - СЕРИЯ
Основное заглавие серии Զեռագրի իրավունքով
541 1# - ПЕРЕВОД ЗАГЛАВИЯ, СДЕЛАННЫЙ КАТАЛОГИЗАТОРОМ
Связь между полями z01790
Заглавие Программы и методические указания для заочников педагогических институтов
Сведения, относящиеся к заглавию история средных веков
Язык заглавия русский
700 #1 - ИМЯ ЛИЦА - ПЕРВИЧНАЯ ОТВЕТСТВЕННОСТЬ
Начальный элемент ввода Միքայելյան
Часть имени, кроме начального элемента ввода Գ.
Код отношения Переводчик
790 #0 - ИМЯ ЛИЦА - АЛЬТЕРНАТИВНАЯ ФОРМА
Связь между полями z01541
Начальный элемент ввода Микаелян
Часть имени, кроме начального элемента ввода Г.
Код отношения Переводчик
942 ## - ДОПОЛНИТЕЛЬНЫЕ ЭЛЕМЕНТЫ ЗАПИСИ (АБИС)
Тип экземпляра АБИС Книга
945 ## - Информацию об издании предоставили:
Полное название организации, предоставившей материал Российская национальная библиотека
980 ## - КОЛЛЕКЦИЯ
Название коллекции Библиография Победы
980 ## - КОЛЛЕКЦИЯ
Название коллекции Национальная библиография
Экземпляры
Тип экземпляра Дата поступления Библиотека постоянного хранения Библиотека текущего хранения Место хранения Шифр хранения Штрих-код Статус экземпляра
Книга 19.02.2025 РНБ (Московский) РНБ (Московский) Фонд национальных литератур, ин. ОНЛ Арм./2-7588 1-4386928